Estudio de consultoría externa sobre circuitos económico-financieros y documentación de naturaleza contable de la Excelentísima Diputación de Barcelona / Gabinete Jurídico Económico
Descripción Física:
354 p. ; 30 cm
MARC
| LEADER | 00000nam a2200000Ia 4500 | ||
|---|---|---|---|
| 001 | 17280 | ||
| 003 | BGR | ||
| 005 | 20260324175713.0 | ||
| 008 | 160829s1986 xx 000 0 cat d | ||
| 080 | |a M-5-167 | ||
| 110 | 2 | |a Gabinete Jurídico Económico (Barcelona) |9 70993 | |
| 245 | |a Estudio de consultoría externa sobre circuitos económico-financieros y documentación de naturaleza contable de la Excelentísima Diputación de Barcelona / Gabinete Jurídico Económico | ||
| 260 | |a [Barcelona] : |b [s.l.], |c 1986 | ||
| 300 | |a 354 p. ; |c 30 cm | ||
| 590 | |a Exemplar mecanografiat | ||
| 610 | 1 | 0 | |a Barcelona (Catalunya : Província). |b Diputació |9 52408 |
| 650 | |a Comptabilitat |9 10107 | ||
| 710 | 1 | |a Barcelona (Catalunya : Província). |b Diputació |9 52408 | |
| 901 | |a Arxiu | ||
| 942 | |n 1 |2 udc |c MON | ||
| 952 | |0 0 |1 0 |4 0 |6 M5167 |7 1 |9 48426 |a Arxiu |b Arxiu |d 2016-12-01 |l 0 |o M-5-167 |p 17280 |r 2016-12-01 00:00:00 |w 2016-12-01 |y ARXIU | ||
| 999 | |c 52254 |d 52254 | ||